| 000 | 00339nam a22001451a 4500 | ||
|---|---|---|---|
| 999 |
_c48705 _d48705 |
||
| 082 |
_aS 294.592 1 _bCHA/V |
||
| 100 | _aChamupathy M A | ||
| 245 |
_aVaidic darshan/ _cby Chamupathy M A |
||
| 260 |
_aNew Delhi: _bSamskar, _c2000. |
||
| 300 | _a82p. | ||
| 650 | _aVedic Literature | ||
| 650 | _aHinduism | ||
| 650 | _aReligion | ||
| 942 | _cBK | ||